Fr. Conceicao Rodrigues College of Engineering

Fluid mechanics (Record no. 28895)

MARC details
000 -LEADER
fixed length control field 00260nam a2200133Ia 4500
082 ## - DEWEY DECIMAL CLASSIFICATION NUMBER
Classification number 532/KUN
Item number KUN
100 ## - MAIN ENTRY--PERSONAL NAME
Personal name Kundu/Pijush K
245 ## - TITLE STATEMENT
Title Fluid mechanics
260 ## - PUBLICATION, DISTRIBUTION, ETC.
Name of publisher, distributor, etc. Elsevier
Date of publication, distribution, etc. 2008
300 ## - PHYSICAL DESCRIPTION
Extent 872
546 ## - LANGUAGE NOTE
Language note ENGLISH
942 ## - ADDED ENTRY ELEMENTS (KOHA)
Koha item type BOOK
Holdings
Withdrawn status Lost status Damaged status Not for loan Collection Home library Current library Date acquired Total Checkouts Full call number Barcode Date last seen Price effective from Koha item type
        CRC Fr. Agnel's C.Rodrigues College of Engineering Fr. Agnel's C.Rodrigues College of Engineering 17/03/2023   532/KUN KUN 19559 17/03/2023   BOOK